Star Wars Characters That Made it From Animation to Live Action - Statistics

General Stats
  • This quiz has been taken 1,022 times
    618 since last reset
  • The average score is 7 of 10
Answer Stats
1st Animated Appearance 1st Live Action Appearance Additional Hints Answer % Correct
Clone Wars (Movie) Mandalorian Jedi who resigned from the Order Ahsoka Tano
87%
Clone Wars 2003 Microseries Revenge of the Sith Cyborg General Grievous
87%
Clone Wars Book of Boba Fett Blue skin, red eyes, green blood, dope hat Cad Bane
83%
Clone Wars 2003 Microseries Revenge of the Sith Leads 212th Attack Battalion as well as the larger 7th Sky Corps Commander Cody
82%
Clone Wars Mandalorian Sister of Duchess Satine, a Lieutenant of Death Watch and later leader of the Nite Owls Bo-Katan Kryze
75%
Rebels Rogue One (Cameo/Easter Egg) Droid C1-10P "Chopper"
69%
Star Wars Holiday Special Empire Strikes Back (Edited into A New Hope) Needs no introduction Boba Fett
67%
Clone Wars Rogue One Onderon, Rebel Extremist Saw Gerrera
67%
Rebels Kenobi Ex-Jedi Temple Guard, Pau'an Grand Inquisitor
65%
Rebels Kenobi Works for the above 5th Brother
47%
No matching quizzes found
Score Distribution
Percent of People with Each Score
Percentile by Number Answered
Your Score History
You have not taken this quiz since the last reset